<?xml version="1.0" encoding="UTF-8"?>
<record
    xmlns:xsi="http://www.w3.org/2001/XMLSchema-instance"
    xsi:schemaLocation="http://www.loc.gov/MARC21/slim http://www.loc.gov/standards/marcxml/schema/MARC21slim.xsd"
    xmlns="http://www.loc.gov/MARC21/slim">

  <leader>01248nam a2200265 i 4500</leader>
  <controlfield tag="001">120525</controlfield>
  <controlfield tag="003">ES-MaACL</controlfield>
  <controlfield tag="005">20251217101317.0</controlfield>
  <controlfield tag="007">t|</controlfield>
  <controlfield tag="008">070214s1905    sp af        |||| | spa d</controlfield>
  <datafield tag="080" ind1=" " ind2=" ">
    <subfield code="a">616.936(460)</subfield>
  </datafield>
  <datafield tag="100" ind1="1" ind2=" ">
    <subfield code="a">Pittaluga, Gustavo,</subfield>
    <subfield code="d">1876-1956</subfield>
    <subfield code="9">155591</subfield>
  </datafield>
  <datafield tag="245" ind1="1" ind2="0">
    <subfield code="a">Investigaciones y estudios sobre el paludismo en Espa&#xF1;a </subfield>
    <subfield code="b">= &#xE9;tudes et recherche sur le paludisme en Espagne : (1901 - 1903) / </subfield>
    <subfield code="c">publi&#xE9;s sous la direction du Dr. Gustavo Pittaluga ; avec la collaboration de MM. les Drs. D. F. Huertas Barrero...  [etc.] ; &#xE1; l'occasion du XVIe Congr&#xE8;s International de Med&#xE9;cine, Madrid-Barcelona, avril 1903.</subfield>
  </datafield>
  <datafield tag="246" ind1="3" ind2="1">
    <subfield code="a">&#xC9;tudes et recherche sur le paludisme en Espagne</subfield>
  </datafield>
  <datafield tag="260" ind1=" " ind2=" ">
    <subfield code="a">Barcelona : </subfield>
    <subfield code="b">Serra Hnos. y Russell, </subfield>
    <subfield code="c">1905.</subfield>
  </datafield>
  <datafield tag="300" ind1=" " ind2=" ">
    <subfield code="a">260 p., l&#xE1;m. : </subfield>
    <subfield code="b">il. ; </subfield>
    <subfield code="c">25 cm + </subfield>
    <subfield code="e">1 mapa de Espa&#xF1;a y Portugal.</subfield>
  </datafield>
  <datafield tag="530" ind1=" " ind2=" ">
    <subfield code="a">Disponible en formato digital.</subfield>
  </datafield>
  <datafield tag="650" ind1=" " ind2="4">
    <subfield code="a">Paludismo-</subfield>
    <subfield code="z">Espa&#xF1;a.</subfield>
    <subfield code="9">147467</subfield>
  </datafield>
  <datafield tag="700" ind1="1" ind2=" ">
    <subfield code="a">Huertas y Barrero, Francisco.</subfield>
    <subfield code="9">64578</subfield>
  </datafield>
  <datafield tag="711" ind1="2" ind2=" ">
    <subfield code="a">Congreso Internacional de Medicina (</subfield>
    <subfield code="n">14&#xBA;. </subfield>
    <subfield code="d">1903. </subfield>
    <subfield code="c">Madrid)</subfield>
    <subfield code="9">256</subfield>
  </datafield>
  <datafield tag="852" ind1=" " ind2=" ">
    <subfield code="a">ES-MaACL</subfield>
    <subfield code="j">F-12270</subfield>
    <subfield code="c">SPP2</subfield>
  </datafield>
  <datafield tag="856" ind1="4" ind2=" ">
    <subfield code="u">https://archive.org/details/b28079383/page/n5 </subfield>
    <subfield code="y">Internet Archive</subfield>
  </datafield>
  <datafield tag="942" ind1=" " ind2=" ">
    <subfield code="2">udc</subfield>
  </datafield>
  <datafield tag="999" ind1=" " ind2=" ">
    <subfield code="c">120525</subfield>
    <subfield code="d">120525</subfield>
  </datafield>
  <datafield tag="952" ind1=" " ind2=" ">
    <subfield code="0">0</subfield>
    <subfield code="1">0</subfield>
    <subfield code="4">0</subfield>
    <subfield code="7">0</subfield>
    <subfield code="8">Colecci&#xF3;n_digital</subfield>
    <subfield code="a">ATENEOM</subfield>
    <subfield code="b">ATENEOM</subfield>
    <subfield code="c">SPP2</subfield>
    <subfield code="d">2008-01-17</subfield>
    <subfield code="e">SC</subfield>
    <subfield code="l">0</subfield>
    <subfield code="o">F-12270</subfield>
    <subfield code="p">1125628</subfield>
    <subfield code="r">2023-02-23 00:00:00</subfield>
    <subfield code="w">2023-02-23</subfield>
    <subfield code="y">MONOGRAFIA</subfield>
  </datafield>
</record>
